<?xml version="1.0" encoding="UTF-8"?><collection xmlns="info:lc/xmlns/marcxchange-v2"><record format="Unimarc" type="bibliographic"><leader>00602cam  2200217   450 </leader><controlfield tag="001">1681761</controlfield><controlfield tag="003">http://id.bnportugal.gov.pt/bib/porbase/1681761</controlfield><controlfield tag="005">20030628172400.0</controlfield><datafield ind1=" " ind2=" " tag="010"><subfield code="a">0-201-82419-1</subfield></datafield><datafield ind1=" " ind2=" " tag="035"><subfield code="9">70569</subfield></datafield><datafield ind1=" " ind2=" " tag="095"><subfield code="a">PTBN00978610</subfield></datafield><datafield ind1=" " ind2=" " tag="100"><subfield code="a">19970117d1997    k  y0pory0103    ba</subfield></datafield><datafield ind1="0" ind2=" " tag="101"><subfield code="a">eng</subfield></datafield><datafield ind1=" " ind2=" " tag="102"><subfield code="a">GB</subfield></datafield><datafield ind1="1" ind2=" " tag="200"><subfield code="a">An introduction to object-oriented programming</subfield><subfield code="f">Timothy Budd</subfield></datafield><datafield ind1=" " ind2=" " tag="205"><subfield code="a">Second Edition</subfield></datafield><datafield ind1=" " ind2=" " tag="210"><subfield code="a">Reading</subfield><subfield code="c">Addison-Wesley</subfield><subfield code="d">1997</subfield></datafield><datafield ind1=" " ind2=" " tag="215"><subfield code="a">452 p.</subfield></datafield><datafield ind1=" " ind2=" " tag="675"><subfield code="a">681.3(043.2)</subfield><subfield code="v">BN</subfield><subfield code="z">por</subfield><subfield code="3">300199</subfield></datafield><datafield ind1=" " ind2="1" tag="700"><subfield code="a">Budd</subfield><subfield code="b">Timothy</subfield><subfield code="3">1364776</subfield></datafield><datafield ind1=" " ind2="0" tag="801"><subfield code="a">PT</subfield><subfield code="b">BN</subfield><subfield code="g">RPC</subfield></datafield><datafield ind1=" " ind2=" " tag="977"><subfield code="1">1A-7-14</subfield><subfield code="2">coop</subfield><subfield code="4">ISEC</subfield><subfield code="6">efalt270604</subfield><subfield code="7">bc</subfield><subfield code="8">coop</subfield><subfield code="9">ISEC</subfield><subfield code="b">08052</subfield><subfield code="k">0</subfield></datafield><datafield ind1=" " ind2=" " tag="998"><subfield code="a">IEC11-79</subfield></datafield></record></collection>